000 01293nam a2200385 i 4500
001 44108
003 KOSZ 005
005 20220329124227.0
008 031010s2003 pl f |000 0 pol d
020 _a8371878176
040 _cKOSZ 005
_aKOSZ 005
_dKOSZ 005/HR
041 0 _apol
045 _bd2003
046 _k2003
080 _a331.45(438)
080 _a349.23/.24(438)
100 1 _aRączkowski, Bogdan
_eAutor
245 1 0 _aBHP w praktyce /
_cBogdan Rączkowski.
250 _a[Stan na 1 marca 2003 r.].
260 _aGdańsk :
_bOśrodek Doradztwa i Doskonalenia Kadr,
_c2003.
300 _a932 s., [4] k. tabl. kolor. :
_bil. ;
_c24 cm.
380 _aKsiążki
388 _a2001-
504 _aIndeks.
521 _aPoradnik dla: pracowników służb BHP, pracodawców, inspektorów pracy, społecznych inspektorów pracy, projektantów, wykładowców, rzeczoznawców.
648 7 _a2001-
650 7 _aBHP
651 7 _aPolska
655 _aMateriały pomocnicze
658 _aGospodarka, ekonomia, finanse
658 _aPrawo i wymiar sprawiedliwości
710 2 _aODDK
856 _uhttp://koha.tu.koszalin.pl/cgi-bin/koha/opac-detail.pl?biblionumber=44108
_yKatalog online BPK
942 _cKS
_2UKD
999 _c44108
_d44108